| 000 | 00428nam a2200169Ia 4500 | ||
|---|---|---|---|
| 001 | 11457 | ||
| 005 | 20260306162829.0 | ||
| 008 | 260306t9999||||xx |||||||||||||| ||spa|| | ||
| 041 | _aESP | ||
| 082 |
_a985.06 _bC287 |
||
| 100 |
_aCushman, Gregory T. _eAUT |
||
| 245 | 0 |
_aLos señores del guano : _buna historia ecológica global del Pacífico |
|
| 300 |
_a _c |
||
| 650 | _aGEN | ||
| 654 | _aCHU | ||
| 942 |
_cLIB _dJUS _fJUS _2ddc _n |
||
| 999 |
_c11457 _d11457 |
||